00392 2200157 4500001002100000008004100021035002000062245003600082260003000118300002000148020001800168084001400186082000800200650001500208990001100223INLIS000000000001107 ind  a0010-0722000656 aSekolah AdiwiyatacEndang Haris aJakarta :bErlanggac2018 a142c15 x 23 cm a9786026847706 a370 END s a370 aPendidikan aDI.013